000 01240nam a2200253Ia 4500
999 _c51501
_d51501
001 18490
003 GE_BSU
005 20200407181959.0
008 181216s2011ge xx |||||||||||||| ||geo||
020 _a 978-9941-14-911-5,
040 _cGE_BSU
041 _ageo
080 _a343.9(075.8) გ-12
100 _aგაბუნია, მიხეილ
_97865
245 _aშესავალი კრიმინოლოგიაში :
_bსახელმძღვ. /
_c მიხეილ გაბუნია ; მთ. რედ. ჯემალ გახოკიძე .
264 _aთბილისი :
_bტექნ. უნ-ტი,
_c2011.
300 _a168გვ..:
_c20 სმ..
504 _aბიბლიოგრ. ტექსტ. შენიშვნ. და გვ. 163-167.
653 _aკრიმინოლოგია
653 _aკრიმინოლოგია - სახელმძღვანელოები უმაღლესი სასწავლებლებისათვის;
653 _aსამართალი
700 _aგახოკიძე, ჯემალ
_eმთავარი რედაქტორი
_97866
942 _cBK
_2udc